| 000 | 00778nam a22002297a 4500 | ||
|---|---|---|---|
| 001 | 000008892 | ||
| 005 | 20200929161432.0 | ||
| 008 | 830718s1982 pr 001 j spa | ||
| 010 | _a83173996 | ||
| 020 | _a8449984920 | ||
| 035 | _a(DLC) 83173996 | ||
| 040 |
_aDO-SdBNP _bspa _cLC _dBNPHU |
||
| 082 |
_aPR863.08 _bR621g |
||
| 100 | 1 |
_aRivera Lizardi, Francisco M. _923449 |
|
| 245 | 1 | 3 |
_aLa guardarraya : _bsiete cuentos a la belleza de la mujer negra puertorriqueña y tres cuentos fantásticos / _cFrancisco M. Rivera Lizardi. |
| 260 |
_aRio Piedras : _bEdil, _c1982. |
||
| 300 | _a103 p. : ill. ; 21 cm. | ||
| 650 | 4 |
_aCuentos puertorriqueños _xColecciones _923450 |
|
| 650 | 4 |
_aLiteratura puertorriqueña _9250 |
|
| 910 | _aCatalogación por copia / LC | ||
| 049 | _aBNGR | ||
| 999 |
_c8661 _d8661 |
||